| 000 | 00490nam a22001817a 4500 | ||
|---|---|---|---|
| 005 | 20260318132259.0 | ||
| 008 | 260318b |||||||| |||| 00| 0 eng d | ||
| 020 |
_a9783642381669 _c10489.95 |
||
| 040 | _aMAIN | ||
| 041 | _aEnglish | ||
| 082 |
_a539.7 _bNEW |
||
| 100 |
_aMohan, Man (ed) _926540 |
||
| 245 |
_aNew Trends in Atomic And Molecular Physics _b: Advanced Technological Application |
||
| 260 |
_aDelhi _bSpringer _c2013 |
||
| 300 | _a350 | ||
| 650 | _aPhysics | ||
| 942 | _cBK | ||
| 999 |
_c60554 _d60554 |
||